| 000 | 00746nam a2200217 a 4500 | ||
|---|---|---|---|
| 001 | 38970 | ||
| 003 | BD-RjUL | ||
| 005 | 20211209052907.0 | ||
| 008 | 180513s2016 bg a|||e |||| 00| 0 eng d | ||
| 020 |
_a9789845190749 _c: Complimentary |
||
| 035 | _a(BD-RjUL)39080 | ||
| 040 |
_aBD-RjUL _beng _cBD-RjUL _dBD-RjUL |
||
| 041 | _aeng | ||
| 082 |
_223 _aRA 330.954925021 _bJHE 2016 |
||
| 110 | 1 |
_aBangladesh Bureau of Statistics (BBS) _9221407 |
|
| 245 |
_aEconomic Census 2013, District Report: _bJhenaidah / _cBangladesh Bureau of Statistics (BBS) |
||
| 260 |
_aDhaka: _bBBS, _c2016 |
||
| 300 |
_axxviii, 443 p. : _bIll. ; _c28 cm. |
||
| 650 |
_aBangladesh _zJhenaidah _xEconomic conditions _y21st century _vStatistics _9221408 |
||
| 942 |
_2ddc _cRAR |
||
| 999 |
_c38970 _d38970 |
||